Countries that Use the Franc - Statistics

General Stats
  • This quiz has been taken 20 times
  • The average score is 17 of 22
Answer Stats
Answer % Correct
Switzerland
100%
Benin
88%
Burkina Faso
88%
Cameroon
88%
Chad
88%
Mali
88%
Niger
88%
Togo
88%
Democratic Republic of the Congo
81%
Equatorial Guinea
81%
Gabon
81%
Guinea
81%
Guinea-Bissau
81%
Republic of the Congo
81%
Senegal
81%
Central African Republic
75%
Rwanda
75%
Burundi
69%
Ivory Coast
69%
Comoros
56%
Djibouti
56%
Liechtenstein
44%
No matching quizzes found
Score Distribution
Percent of People with Each Score
Percentile by Number Answered
Your Score History
You have not taken this quiz